000 00648cab a2200265 4500
001 WB3534-39
008 090401t1999 xxu||||| |||| 00| 0 eng d
035 _a(Sirsi) u180
041 _aeng
245 4 _aThe road ahead
260 _c1999
350 _a0
490 _aYorkshire Post
_v2 September 1999, 20(1)
650 _aINVESTMENT
650 _aOUT OF TOWN DEVELOPMENT
650 _aPLANNING POLICIES
650 _aPUBLIC TRANSPORT
650 _aRENTS
650 _aROAD TOLLS
650 _aSEQUENTIAL APPROACH
650 _aTOWN CENTRE DEVELOPMENT
690 _aTRANSPORT AND COMMUNICATIONS
942 _n0
948 _c03/09/1999
999 _c77
_d77